[Event "POL-chT U20"]
[Site "Szczyrk"]
[Date "2017.07.28"]
[Round "7.7"]
[White "Mockun, Dawid"]
[Black "Janik, Igor"]
[Result "1/2-1/2"]
[WhiteElo "1992"]
[BlackElo "2425"]
[PlyCount "179"]
[EventDate "2017.07.22"]
[EventType "team-tourn"]
[EventRounds "9"]
[EventCountry "POL"]
[SourceTitle "EXT 2019"]
[Source "ChessBase"]
[SourceDate "2018.10.10"]
[SourceVersion "1"]
[SourceVersionDate "2018.10.10"]
[SourceQuality "1"]

1. d4 d6 2. Nf3 g6 3. g3 Bg7 4. Bg2 Nf6 5. 0-0 0-0 6. Nbd2 c6 7. e4 Qc7 8. c3 a5 9. a4 b6 10. Qc2 Ba6 11. Re1 e5 12. b3 Re8 13. Ba3 Nbd7 14. Rad1 Rad8 15. Nf1 b5 16. Bxd6 Qxd6 17. dxe5 Qc5 18. exf6 Bxf6 19. axb5 cxb5 20. Rd5 Qc7 21. c4 bxc4 22. bxc4 Rc8 23. Bh3 Rcd8 24. Bxd7 Rxd7 25. Qa4 Rde7 26. Qxa5 Bxc4 27. Qxc7 Rxc7 28. Rdd1 Bb3 29. Rd6 Be7 30. Rb6 Be6 31. Ne3 Bc5 32. Rbb1 Ra8 33. Ng5 Ba2 34. Rbd1 h6 35. Nf3 Rb7 36. Re2 Be6 37. Kg2 Ra3 38. Nd4 Bd7 39. Ndc2 Ra2 40. Red2 Bc6 41. Nd4 Bxe4+ 42. Kf1 Rxd2 43. Rxd2 Rb4 44. Ndc2 Rb2 45. Ke2 Kg7 46. Ne1 Rb1 47. Rd1 Rb7 48. Nd3 Be7 49. f3 Bc6 50. Kf2 Ra7 51. Rc1 Bb5 52. Nf4 Bf6 53. Rc5 Ra2+ 54. Rc2 Ra7 55. Rc5 Rb7 56. Rd5 Bc6 57. Rd2 Be5 58. Ne2 Bb8 59. Rc2 Bd7 60. Kg2 Ba7 61. Nd5 Be6 62. Ndf4 Bf5 63. Ra2 g5 64. Nh5+ Kf8 65. g4 Be6 66. Rd2 Be3 67. Rd3 Bc5 68. Rd2 Rb1 69. Nhg3 Kg7 70. h3 Kg6 71. Ne4 Bb4 72. Rd8 Be7 73. Re8 Rb7 74. Nd4 Rd7 75. Nc6 Bf6 76. Rg8+ Bg7 77. Ne5+ Kh7 78. Rxg7+ Kxg7 79. Nxd7 Bxd7 80. Ng3 Kf6 81. Kf2 Ke5 82. Nh5 f5 83. gxf5 Kxf5 84. Ng3+ Ke5 85. Kg2 Kf4 86. Nh5+ Kf5 87. Ng3+ Kg6 88. Ne2 h5 89. f4 Bc6+ 90. Kf2 1/2-1/2

[Event "POL-ch U18"]
[Site "Szklarska Poreba"]
[Date "2016.03.17"]
[Round "6"]
[White "Snihur, Piotr"]
[Black "Mockun, Dawid"]
[Result "0-1"]
[WhiteElo "2271"]
[BlackElo "1933"]
[PlyCount "37"]
[EventDate "2016.03.13"]
[EventType "swiss"]
[EventRounds "9"]
[EventCountry "POL"]
[SourceTitle "EXT 2018"]
[Source "ChessBase"]
[SourceDate "2017.10.13"]
[SourceVersion "1"]
[SourceVersionDate "2017.10.13"]
[SourceQuality "1"]

1. d4 d5 2. c4 e6 3. Nc3 Nf6 4. cxd5 exd5 5. Bg5 c6 6. Qc2 Be7 7. e3 Nbd7 8. Bd3 0-0 9. Nge2 Re8 10. 0-0 Nf8 11. f3 Ng6 12. Rad1 Bd6 13. Kh1 h6 14. Bxf6 Qxf6 15. e4 dxe4 16. fxe4 Qg5 17. e5 Bc7 18. Ne4 Qh4 19. Nf6+ 0-1

[Event "POL-ch U18"]
[Site "Szklarska Poreba"]
[Date "2016.03.16"]
[Round "5"]
[White "Mockun, Dawid"]
[Black "Kanicki, Krzysztof"]
[Result "1/2-1/2"]
[WhiteElo "1933"]
[BlackElo "2208"]
[PlyCount "81"]
[EventDate "2016.03.13"]
[EventType "swiss"]
[EventRounds "9"]
[EventCountry "POL"]
[SourceTitle "EXT 2018"]
[Source "ChessBase"]
[SourceDate "2017.10.13"]
[SourceVersion "1"]
[SourceVersionDate "2017.10.13"]
[SourceQuality "1"]

1. d4 Nf6 2. Nf3 g6 3. c3 Bg7 4. e3 0-0 5. Bd3 d5 6. Nbd2 c5 7. 0-0 Nc6 8. dxc5 Nd7 9. Nb3 Na5 10. Nxa5 Qxa5 11. b4 Qc7 12. Bb2 b6 13. cxb6 Nxb6 14. e4 Rd8 15. Qe2 Na4 16. Rac1 Nxb2 17. Qxb2 Bb7 18. Qc2 Qxc3 19. Qxc3 Bxc3 20. Rxc3 dxe4 21. Be2 exf3 22. Bxf3 Bxf3 23. Rxf3 Rd2 24. a3 Rc8 25. g3 Kg7 26. Re1 e6 27. Rb1 Ra2 28. b5 Rcc2 29. b6 axb6 30. Rxb6 Rc7 31. Rb5 Ra7 32. Rbb3 h5 33. h4 e5 34. Rfe3 e4 35. Rxe4 R2xa3 36. Rxa3 Rxa3 37. Rf4 Rb3 38. Kg2 Ra3 39. Rb4 Rc3 40. Rd4 Ra3 41. Rb4 1/2-1/2

[Event "POL-chT U19 1st League"]
[Site "Ustron"]
[Date "2015.08.02"]
[Round "9.13"]
[White "Mockun, Dawid"]
[Black "Winiarski, Mikolaj"]
[Result "1/2-1/2"]
[WhiteElo "1951"]
[BlackElo "2160"]
[PlyCount "129"]
[EventDate "2015.07.25"]
[EventType "team-tourn"]
[EventRounds "9"]
[EventCountry "POL"]
[SourceTitle "EXT 2018"]
[Source "ChessBase"]
[SourceDate "2017.10.13"]
[SourceVersion "1"]
[SourceVersionDate "2017.10.13"]
[SourceQuality "1"]
[WhiteTeam "Suwalki Hancza U19"]
[BlackTeam "Chylice KS Laura U19"]
[WhiteTeamCountry "POL"]
[BlackTeamCountry "POL"]

1. Nf3 Nf6 2. c4 g6 3. Nc3 Bg7 4. d4 0-0 5. Bg5 d6 6. e3 Nbd7 7. Be2 c6 8. 0-0 Qc7 9. Qc2 Re8 10. b4 e5 11. dxe5 Nxe5 12. Nxe5 dxe5 13. Rad1 Bf5 14. Bd3 e4 15. Be2 Nd7 16. Bf4 Qd8 17. Na4 h5 18. Nc5 Qc8 19. Nxd7 Bxd7 20. c5 Be6 21. Bc4 Bxc4 22. Qxc4 Qf5 23. h3 h4 24. Qe2 a5 25. a3 axb4 26. axb4 Ra4 27. Rb1 Rea8 28. Qg4 Qxg4 29. hxg4 Ra1 30. b5 cxb5 31. Rxb5 Rxf1+ 32. Kxf1 Ra1+ 33. Ke2 Bc3 34. f3 Ra2+ 35. Kf1 exf3 36. gxf3 h3 37. Rxb7 h2 38. Bxh2 Rxh2 39. c6 Be5 40. c7 Bxc7 41. Rxc7 Kg7 42. g5 Rh5 43. f4 Rh2 44. Rd7 Ra2 45. Ke1 Rh2 46. Rd2 Rh1+ 47. Ke2 Rh2+ 48. Kd3 Rh8 49. Ke4 Re8+ 50. Kf3 Rh8 51. e4 Rh3+ 52. Kg4 Rh1 53. Kf3 Rf1+ 54. Ke3 Re1+ 55. Kd4 Ra1 56. Ke5 Rg1 57. Rd4 Rf1 58. f5 gxf5 59. exf5 Re1+ 60. Kf4 Rf1+ 61. Kg4 Rg1+ 62. Kh5 Rh1+ 63. Rh4 Rg1 64. Rh3 f6 65. gxf6+ 1/2-1/2

[Event "POL-ch U16"]
[Site "Karpacz"]
[Date "2015.03.15"]
[Round "1"]
[White "Mockun, Dawid"]
[Black "Koziol, Kamil"]
[Result "0-1"]
[WhiteElo "1892"]
[BlackElo "2216"]
[PlyCount "118"]
[EventDate "2015.03.15"]
[EventType "swiss"]
[EventRounds "9"]
[EventCountry "POL"]
[SourceTitle "EXT 2017"]
[Source "ChessBase"]
[SourceDate "2016.10.25"]
[SourceVersion "1"]
[SourceVersionDate "2016.10.25"]
[SourceQuality "1"]

1. d4 Nf6 2. Nf3 c5 3. e3 e6 4. Bd3 d5 5. c3 Bd6 6. Nbd2 Nc6 7. Qe2 0-0 8. 0-0 Qc7 9. dxc5 Bxc5 10. e4 Nh5 11. exd5 Nf4 12. Qe4 f5 13. Qa4 exd5 14. Qc2 Bd7 15. Nb3 Bd6 16. Be3 Ne5 17. Nxe5 Bxe5 18. Bxf4 Bxf4 19. h3 Be5 20. Rad1 g6 21. Be2 Be6 22. Bf3 Rad8 23. Rfe1 Bf7 24. Re2 Rd7 25. Nd4 Re8 26. Red2 a6 27. Qa4 Bf4 28. Re2 Rxe2 29. Nxe2 Be5 30. Rd2 Rd6 31. Qd1 Qc4 32. Qb3 b5 33. Nd4 Rd7 34. Nc2 Qc5 35. Qb4 Qb6 36. Nd4 Bf4 37. Rd1 Bd6 38. Qb3 Bc5 39. a3 Kg7 40. Rd2 Qd6 41. Qd1 Bb6 42. g3 Qe5 43. Kg2 h5 44. Nc6 Qd6 45. Nb4 h4 46. Rd3 Bxf2 47. Kxf2 Qxg3+ 48. Kf1 d4 49. Bc6 Qf4+ 50. Rf3 Bc4+ 51. Kg2 Qg5+ 52. Kh1 Rd6 53. Qe1 Re6 54. Qf2 Qc1+ 55. Kg2 Re2 56. cxd4 Rxf2+ 57. Rxf2 Qg5+ 58. Kh1 Qe3 59. Rg2 Qxh3+ 0-1

[Event "Suwalki Pacstwowej Cup"]
[Site "Suwalki"]
[Date "2013.07.??"]
[Round "1.7"]
[White "Rudzinska, Michalina"]
[Black "Mockun, Dawid"]
[Result "1-0"]
[WhiteElo "1399"]
[BlackElo "1724"]
[PlyCount "85"]
[EventDate "2013.07.14"]
[EventType "swiss"]
[EventRounds "9"]
[EventCountry "POL"]
[SourceTitle "EXT 2023"]
[Source "ChessBase"]
[SourceDate "2022.10.05"]
[SourceVersion "1"]
[SourceVersionDate "2022.10.05"]
[SourceQuality "1"]

1. e4 e6 2. d4 d5 3. Nd2 Nf6 4. e5 Nfd7 5. c3 c5 6. Bd3 Nc6 7. Ngf3 Qb6 8. dxc5 Bxc5 9. Qe2 Qc7 10. Nb3 Be7 11. Bf4 a6 12. 0-0 0-0 13. Nbd4 Na5 14. Rac1 b5 15. b3 Bb7 16. Rfe1 Rfc8 17. Ng5 g6 18. Nxh7 Nc5 19. Ng5 Qd8 20. Nh3 Nc6 21. Bb1 Nxd4 22. cxd4 Ne4 23. Qg4 Qb6 24. Be3 Bb4 25. Rf1 Bc3 26. Rcd1 Bb4 27. Rc1 Bd2 28. Rxc8+ Rxc8 29. Ng5 Bxe3 30. fxe3 Nxg5 31. Qxg5 Qc7 32. h3 Bc6 33. Bxg6 fxg6 34. Qxg6+ Kh8 35. Rf4 Qe7 36. Rf7 Qxf7 37. Qxf7 Re8 38. Qc7 Ba8 39. Qd7 Rf8 40. Qxe6 Kg7 41. Qxa6 b4 42. Qd6 Rc8 43. Qd7+ 1-0

[Event "Suwalki op"]
[Site "Suwalki"]
[Date "2012.12.27"]
[Round "1"]
[White "Mockun, Dawid"]
[Black "Ziziuk, Martyna"]
[Result "1-0"]
[WhiteElo "1732"]
[BlackElo "1362"]
[PlyCount "85"]
[EventDate "2012.12.27"]
[EventType "swiss"]
[EventRounds "7"]
[EventCountry "POL"]
[SourceTitle "CBM 152 Extra"]
[Source "ChessBase"]
[SourceDate "2013.02.25"]
[SourceVersion "1"]
[SourceVersionDate "2013.02.25"]
[SourceQuality "1"]

1. d4 d5 2. Nf3 Nc6 3. c4 e6 4. Nc3 dxc4 5. e3 Nf6 6. Bxc4 Be7 7. 0-0 0-0 8. e4 Nd7 9. Bf4 Nb6 10. Bb3 Bd6 11. e5 Be7 12. a3 Re8 13. Qd3 f6 14. exf6 Bxf6 15. Bc2 g6 16. Bh6 Bg7 17. Bxg7 Kxg7 18. Rfe1 Bd7 19. Bb3 Qf6 20. Ne4 Qf5 21. Nc5 Qxd3 22. Nxd3 Red8 23. Nc5 Nd5 24. Nxe6+ Bxe6 25. Rxe6 Nf4 26. Re4 Nh5 27. Rd1 Nf6 28. Re2 Re8 29. Rde1 Rxe2 30. Rxe2 Rd8 31. Rd2 Ne7 32. Ng5 Rd7 33. Ne6+ Kh6 34. Nc5 Rd6 35. Nxb7 Rb6 36. Nc5 Nf5 37. f3 Rd6 38. d5 c6 39. Ne4 Nxe4 40. fxe4 Ne7 41. e5 Rd8 42. d6 Nc8 43. e6 1-0

[Event "POL-chT U19 1st League"]
[Site "Suchedniow"]
[Date "2012.07.??"]
[Round "6"]
[White "Mockun, Dawid"]
[Black "Dwilewicz, Agata"]
[Result "1-0"]
[WhiteElo "1680"]
[BlackElo "1576"]
[PlyCount "75"]
[EventDate "2012.07.21"]
[EventType "team-swiss"]
[EventRounds "9"]
[EventCountry "POL"]
[SourceTitle "EXT 2014"]
[Source "ChessBase"]
[SourceDate "2013.11.20"]
[SourceVersion "1"]
[SourceVersionDate "2013.11.20"]
[SourceQuality "1"]
[WhiteTeam "Suwalki Hancza U19"]
[BlackTeam "Wroclaw KS Polonia U19 II"]
[WhiteTeamCountry "POL"]
[BlackTeamCountry "POL"]

1. d4 d5 2. Nf3 Nf6 3. e3 Bf5 4. c4 c6 5. Nc3 e6 6. Nh4 Bg4 7. Qb3 Qc7 8. h3 Bh5 9. g4 Bg6 10. Nxg6 hxg6 11. Bg2 Be7 12. Bd2 0-0 13. Rc1 Qd7 14. 0-0 Na6 15. a3 Rac8 16. Rfd1 dxc4 17. Qxc4 Nd5 18. e4 b5 19. Qe2 Ndc7 20. b4 Bf6 21. Be3 Rfd8 22. Nb1 Be7 23. Nd2 Qe8 24. Nb3 Rb8 25. Na5 Rdc8 26. Nxc6 Rb7 27. e5 Nd5 28. Bxd5 exd5 29. Nxe7+ Rxe7 30. Rxc8 Qxc8 31. Qxb5 Nc7 32. Qc5 Re6 33. Rc1 Qa6 34. Qxc7 Qxa3 35. Qd8+ Kh7 36. Qh4+ Kg8 37. Rc8+ Re8 38. Rxe8# 1-0

[Event "Solina Mind Sports U14 op"]
[Site "Solina"]
[Date "2012.04.21"]
[Round "9"]
[White "Mockun, Dawid"]
[Black "Chomczyk, Marek"]
[Result "0-1"]
[WhiteElo "1680"]
[BlackElo "1808"]
[PlyCount "82"]
[EventDate "2012.04.15"]
[EventType "swiss"]
[EventRounds "9"]
[EventCountry "POL"]
[SourceTitle "EXT 2014"]
[Source "ChessBase"]
[SourceDate "2013.11.20"]
[SourceVersion "1"]
[SourceVersionDate "2013.11.20"]
[SourceQuality "1"]

1. d4 d5 2. Nf3 Nf6 3. c4 e6 4. Nc3 Bb4 5. Qa4+ Nc6 6. e3 0-0 7. Bd2 Qe7 8. Bd3 Bxc3 9. Bxc3 dxc4 10. Qxc4 Nd5 11. Bd2 Nb6 12. Qb3 e5 13. dxe5 Nxe5 14. Nxe5 Qxe5 15. Qc2 h6 16. 0-0 Be6 17. Bc3 Qg5 18. Be4 c6 19. a3 Bd5 20. Bxd5 Nxd5 21. Rad1 Rae8 22. e4 Qg6 23. Rfe1 Nxc3 24. bxc3 Rd8 25. f3 Qg5 26. a4 Rxd1 27. Rxd1 Rd8 28. Rxd8+ Qxd8 29. h3 b5 30. Kh1 Qa5 31. axb5 cxb5 32. e5 Qc7 33. Qe2 Qc4 34. Qe3 a5 35. f4 a4 36. g4 a3 37. Qa7 a2 38. Qa8+ Kh7 39. Kg2 Qe2+ 40. Kg3 Qe1+ 41. Kf3 Qh1+ 0-1

[Event "Solina Mind Sports U14 op"]
[Site "Solina"]
[Date "2012.04.20"]
[Round "8"]
[White "Osinski, Emil"]
[Black "Mockun, Dawid"]
[Result "1-0"]
[WhiteElo "1841"]
[BlackElo "1680"]
[PlyCount "117"]
[EventDate "2012.04.15"]
[EventType "swiss"]
[EventRounds "9"]
[EventCountry "POL"]
[SourceTitle "EXT 2014"]
[Source "ChessBase"]
[SourceDate "2013.11.20"]
[SourceVersion "1"]
[SourceVersionDate "2013.11.20"]
[SourceQuality "1"]

1. e4 c6 2. d4 g6 3. f4 d5 4. e5 h5 5. Bd3 Nh6 6. Nf3 Bf5 7. Nc3 Bxd3 8. Qxd3 Nf5 9. Bd2 e6 10. Ne2 h4 11. 0-0-0 Be7 12. g4 Nh6 13. Rhg1 c5 14. dxc5 Bxc5 15. Ned4 Nc6 16. f5 gxf5 17. Bxh6 Rxh6 18. gxf5 Qb6 19. Rg8+ Bf8 20. fxe6 fxe6 21. Nxe6 Rxe6 22. Qf5 Qe3+ 23. Kb1 Qh6 24. Rxf8+ Qxf8 25. Qxe6+ Qe7 26. Qxd5 Rd8 27. Qg8+ Qf8 28. Rxd8+ Nxd8 29. Qxf8+ Kxf8 30. Nxh4 Ke7 31. Kc1 Ke6 32. Nf3 Kf5 33. Kd2 Kf4 34. Ke2 Ne6 35. h4 Ng7 36. c4 Nf5 37. b4 Ng3+ 38. Kf2 Nf5 39. a4 Ke4 40. h5 Ne7 41. Kg3 Kf5 42. h6 Kg6 43. Kf4 Kxh6 44. e6 Kg6 45. Ke5 Nc8 46. Nd4 Kg7 47. Nf5+ Kf8 48. Kf6 b6 49. e7+ Nxe7 50. Nxe7 Ke8 51. Ke6 a6 52. Kd6 Kd8 53. Nd5 b5 54. cxb5 axb5 55. axb5 Kc8 56. Kc6 Kb8 57. b6 Kc8 58. b7+ Kb8 59. Ne7 1-0

[Event "Solina Mind Sports U14 op"]
[Site "Solina"]
[Date "2012.04.19"]
[Round "7"]
[White "Smal, Tobiasz"]
[Black "Mockun, Dawid"]
[Result "0-1"]
[WhiteElo "1821"]
[BlackElo "1680"]
[PlyCount "74"]
[EventDate "2012.04.15"]
[EventType "swiss"]
[EventRounds "9"]
[EventCountry "POL"]
[SourceTitle "EXT 2014"]
[Source "ChessBase"]
[SourceDate "2013.11.20"]
[SourceVersion "1"]
[SourceVersionDate "2013.11.20"]
[SourceQuality "1"]

1. e4 c6 2. d4 d5 3. Nc3 dxe4 4. Nxe4 Nf6 5. Nxf6+ exf6 6. Bf4 Be6 7. Nf3 Bd6 8. Bxd6 Qxd6 9. Bd3 Qb4+ 10. Qd2 Qxb2 11. 0-0 Qa3 12. c4 Qd6 13. Rab1 b6 14. Rfd1 0-0 15. d5 cxd5 16. cxd5 Qxd5 17. Qc2 Qc6 18. Bxh7+ Kh8 19. Qd3 g6 20. Bxg6 fxg6 21. Qxg6 Bf7 22. Qh6+ Kg8 23. Rb4 f5 24. Rd6 Qc3 25. Rg6+ Bxg6 26. Qxg6+ Qg7 27. Qe6+ Qf7 28. Qh6 Qf6 29. Qd2 Nc6 30. Rh4 Rad8 31. Qc1 Rd6 32. g4 Rf7 33. Qe3 Re6 34. Qf4 Re4 35. Qg3 Rxg4 36. Rxg4+ fxg4 37. Qxg4+ Rg7 0-1

[Event "Bialystok Zamenhof Memorial"]
[Site "Bialystok"]
[Date "2011.12.31"]
[Round "9"]
[White "Mockun, Dawid"]
[Black "Paczkowski, Daniel"]
[Result "0-1"]
[WhiteElo "1671"]
[BlackElo "1938"]
[PlyCount "110"]
[EventDate "2011.12.27"]
[EventType "swiss"]
[EventRounds "9"]
[EventCountry "POL"]
[SourceTitle "CBM 146 Extra"]
[Source "ChessBase"]
[SourceDate "2012.02.29"]
[SourceVersion "1"]
[SourceVersionDate "2012.02.29"]
[SourceQuality "1"]

1. d4 d5 2. Nf3 Nc6 3. h3 Bf5 4. a3 e6 5. e3 Nf6 6. c4 Be7 7. Nc3 0-0 8. Bd3 dxc4 9. Bxf5 exf5 10. Qa4 Ne4 11. Qxc4 Na5 12. Qa4 c5 13. 0-0 Nc6 14. Rd1 Bf6 15. Qc2 cxd4 16. Nxe4 fxe4 17. Qxe4 Re8 18. Qg4 Qd5 19. exd4 Re4 20. Qg3 Nxd4 21. Nxd4 Rxd4 22. Rxd4 Bxd4 23. Qf3 Qb5 24. a4 Qb4 25. Qe2 Kf8 26. Bf4 Re8 27. Qc2 Qxb2 28. Bd6+ Kg8 29. Rc1 Qxc2 30. Rxc2 Bb6 31. Bb4 h6 32. a5 Bd4 33. Rc7 Re2 34. Rxb7 Rxf2 35. Rd7 Rf4+ 36. Kh2 Be5 37. Bd6 Rd4+ 38. Bxe5 Rxd7 39. Kg3 Rd5 40. Bc7 Kf8 41. Kf4 Ke8 42. Ke4 Rc5 43. Be5 f6 44. Bd4 Rxa5 45. g4 Kd7 46. h4 Ke6 47. Bc3 Ra4+ 48. Bd4 a5 49. Ke3 Kd5 50. Bb6 Re4+ 51. Kd3 a4 52. Kc3 Rxg4 53. Bf2 Rc4+ 54. Kb2 g5 55. hxg5 fxg5 0-1

[Event "Gizycko U18 op 13th"]
[Site "Gizycko"]
[Date "2011.11.19"]
[Round "4.10"]
[White "Cis, Krzysztof"]
[Black "Mockun, Dawid"]
[Result "0-1"]
[WhiteElo "1256"]
[BlackElo "1688"]
[PlyCount "120"]
[EventDate "2011.11.18"]
[EventType "swiss"]
[EventRounds "5"]
[EventCountry "POL"]
[SourceTitle "EXT 2023"]
[Source "ChessBase"]
[SourceDate "2022.10.05"]
[SourceVersion "1"]
[SourceVersionDate "2022.10.05"]
[SourceQuality "1"]

1. e4 e6 2. d4 d5 3. e5 c5 4. c3 Nc6 5. Nf3 Qb6 6. b3 cxd4 7. cxd4 Bb4+ 8. Bd2 Nge7 9. a3 Bxd2+ 10. Nbxd2 Nxd4 11. Nxd4 Qxd4 12. Nf3 Qc3+ 13. Nd2 Qxe5+ 14. Be2 0-0 15. 0-0 Bd7 16. Nf3 Qf6 17. Qd2 e5 18. Rac1 Bc6 19. a4 Rad8 20. Rfe1 Ng6 21. Qg5 Qxg5 22. Nxg5 Rfe8 23. Bh5 Re7 24. Bxg6 hxg6 25. Nf3 f6 26. Ra1 Rc7 27. Nd2 Rdc8 28. b4 Be8 29. a5 Rc3 30. g3 Bf7 31. Kg2 g5 32. b5 d4 33. Ne4 Bd5 34. Kg1 Bxe4 35. Rxe4 Rc1+ 36. Rxc1 Rxc1+ 37. Kg2 Rb1 38. b6 axb6 39. axb6 Rxb6 40. h4 gxh4 41. Rxh4 Rd6 42. Rh1 b5 43. Kf3 Kf7 44. Ke2 Ke6 45. f3 b4 46. Kd3 b3 47. Rb1 Rb6 48. Kd2 Kd5 49. Kd3 f5 50. Rb2 e4+ 51. fxe4+ fxe4+ 52. Kd2 Kc4 53. Kc1 Ra6 54. Kd2 Ra2 55. Kc1 Rxb2 56. Kxb2 d3 57. Kc1 e3 58. g4 Kc3 59. Kd1 b2 60. Ke1 b1R# 0-1